| 000 | 00531nam a2200193Ia 4500 | ||
|---|---|---|---|
| 003 | OSt | ||
| 005 | 20260622095346.0 | ||
| 008 | 210210b2004 xxu||||| |||| 00| 0 eng d | ||
| 040 | _cAL | ||
| 041 | _aKonkani | ||
| 082 | _a891.464 MADR | ||
| 100 |
_aMADTHA (Prashanth). _9134401 _dಪ್ರಶಾಂತ್ ಮಾಡ್ತ |
||
| 245 |
_aRataval. _bರಾಟಾವಳ್ |
||
| 260 |
_aManglur. _bKonkani Samstho, Sa Luvis Kolej., _c2004 |
||
| 300 | _a134 | ||
| 690 |
_aKonkani Prose _9134402 |
||
| 906 | _a058910 | ||
| 942 |
_2ddc _cBK |
||
| 999 |
_c106328 _d106328 |
||